1600 1375 1322 1781 1572 1586 1160 1718 1943 1258 1761 1875 1474 1271 1650 1916 1898 1669 1057 1099 1144 1549 1337 1788 1275 1783 1783 1952 1902 1536 1847 1802 1743 1965 1920 1431 1749 1369 1245 1365 1202 1557 1806 1241 1732 1258 1230 1323 1530 1774 1352 1514 1183 1185 1039 1950 1698 1226 1016 1211 1246 1326 1529 1449 1939 1508 1427 1391 1906 1039 1126 1186 1497 1329 1882 1261 1009 1604 1238 1598 1275 1467 1128 1313 1434 1978 1342 1385 1578 1353 1254 1586 1202 1803 1242 1617 1506 1220 1942 BCNSPRNW ULIB Ver.6.0+V

เปลี่ยนเป็นภาษาไทย

Change to English
 แสดงรายละเอียดบรรณานุกรม
  กลับหน้าหลัก

Brief Record : Get Marc (ISO 2709) : E-mail record : QR code < ปิดหน้าต่าง
LEADER : 00000nam 2200000uu 4500
001    13399111976
003     ULIB
008    110713s2553||||th 000 0 tha d
020    9746429272 (ล.3)
060  0 WA308^bบ261ป ล.3
110 1  มหาวิทยาลัยสุโขทัยธรรมาธิราช.^bบัณฑิตศึกษา สาขาวิชาวิทยาศาสตร์สุขภาพ
245 0  ประมวลสาระชุดวิชาสถิติและระเบียบวิธีวิจัยในงานสาธารณสุข หน่วยที่ 11-15 = ^bStatistics and research methods in public health / ^cบัณฑิตศึกษา สาขาวิชาวิทยาศาสตร์สุขภาพ มหาวิทยาลัยสุโขทัยธรรมาธิราช.
246 3  ชุดวิชาสถิติและระเบียบวิธีวิจัยในงานสาธารณสุข
246 3  สถิติและระเบียบวิธีวิจัยในงานสาธารณสุข
246 3  Statistics and research methods in public health
250    พิมพ์ครั้งที่ 6.
260    นนทบุรี : ^bโรงพิมพ์มหาวิทยาลัยสุโขทัยธรรมาธิราช, ^c2553.
300    3 เล่ม : ^bภาพประกอบ ; ^c29 ซม.
650    สาธารณสุข ^xวิจัย.
650    สาธารณสุข ^xระเบียบวิธีทางสถิติ.
945    ^p0^l0^i18414
995    กัณชพร
999    ^aใช้งานได้ทุกระบบ
รายการนี้ยังไม่มีแท็ก
คุณยังไม่ได้ล็อกอิน คุณสามารถมีกิจกรรมร่วมกับเว็บไซต์ได้ แต่ต้องล็อกอินก่อน ::
  ล็อกอิน

รายการสื่อสารสนเทศ

ลำดับที่ ประเภท เลขเรียก/บาร์โค้ด สถานที่ สถานะ
1. วิทยาศาสตร์การแพทย์ และสุขภาพ
วิทยาศาสตร์การแพทย์ และสุขภาพ
WA308 บ261ป ล.3  
  Barcode: 18414
ห้องสมุดวิทยาเขตนครสวรรค์
►ส่วนจัดเก็บหนังสือเก่า นว.
บนชั้น
  ขอยืม

BibComment


ยังไม่เคยถูกคอมเมนท์

คอมเมนท์ทรัพยากรรายการนี้
  คอมเมนท์: ประมวลสาระชุดวิชา..


 Copyright 2026. Bcnsprnw @Library